000 00552nam a22001697a 4500
008 160104b xxu||||| |||| 00| 0 eng d
020 _a13:978-1-84860-717-0
082 _22013
_aDC 364.26
_bR72c
100 _91374
_aRosenfeld, Richard
245 _aCrime and the economy/
_cRichard Rosenfeld and Steven F. Messner
260 _aLos Angeles:
_bSage;
_cc2013
300 _a141 pages;
_c20 cm.
500 _aIncludes bibliographical references and index.
650 0 _91376
_aCrime
_xEconomic aspects
700 _91375
_aMessner, Steven F.
942 _2ddc
_cDC
999 _c523
_d523